000 02066nam0a2200373 i 4500
001 RU\NLR\bibl\1983561
005 20260405223119.0
010 _a9785912185731
_91000
021 _aRU
_b2012-95367
_97058
035 _a(nilc)RuMoRGB-006503008
035 _a(NLR Aleph) 001972211
090 _a3971494
_c3971494
100 _a20121219d2013 d y0rusy50 ca
101 0 _arus
102 _aRU
105 _aa |||||||||
200 1 _aМетодические рекомендации к учебнику А.А. Плешакова, Э.Л. Введенского "Биология. Введение в биологию". 5 класс. Линия "Ракурс"
_eсоответствует Федеральному государственному образовательному стандарту
_fА. В. Марина
210 _aМосква
_cРусское слово
_d2013 [т.е. 2012]
215 _a119, [1] с.
_cил., табл.
_d22
225 1 _aФГОС
225 1 _aИнновационная школа
225 1 _aРакурс
300 _aФактическая дата выхода в свет : 2012 г.
488 0 _12001#$aБиология. Введение в биологию$e5 класс$eЛиния "Ракурс"
_1700#1$3RU\NLR\auth\77300$aПлешаков$bА. А.$gАндрей Анатольевич$f1958 -
_1701#1$aВведенский$bЭ. Л.$gЭдуард Львович$4070
_tБиология. Введение в биологию
_aПлешаков, Андрей Анатольевич (1958 -)
606 _aБиология
_jМетодические пособия
_xПреподавание
_xСредняя школа
_91140659
_3RU\NLR\auth\66135513
686 _aЧ426.45я8
700 1 _4070
_7ca
_8rus
_aМарина
_bА. В.
_gАнтонина Васильевна
_984256
_3RU\NLR\auth\77101330
801 0 _aRU
_bRuMoRKP
_c20121219
_gRCR
801 2 _aRU
_bРГБ
_c20130111
_grcr
801 1 _aRU
_bRuMoRKP
_c20121219
_2rusmarc
801 2 _aRU
_bNLR
_c20121227
_grcr
942 _cBOOK
980 _aNBR